000 00524nam a2200181Ia 4500
999 _c16865
_d16865
003 OSt
005 20200606120020.0
008 190216s9999||||xx |||||||||||||| ||und||
020 _a9788190482516
040 _cMESKC library
082 _a891.431
_bMEE/A
100 _aMeena, Rajendra Kumar
_9339
245 0 _aAabsar-A-Ashk /
_cRajendra Kumar Meena
260 _bBook Craft Publications,
_c2011.
_aDelhi:
300 _a144p
650 _aHindi
942 _cBK
_2ddc
_h891.431
_iMEE/A
_k891.431
_mMEE/A